| 000 | 00628nam a2200241Ia 4500 | ||
|---|---|---|---|
| 003 | OSt | ||
| 005 | 20221005043028.0 | ||
| 006 | a|||||r|||| 00| 0 | ||
| 007 | ta | ||
| 008 | 221004b |||||||| |||| 00| 0 eng d | ||
| 024 | _a79088 | ||
| 037 | _cTextual | ||
| 040 |
_aCRL _cCRL _beng |
||
| 041 |
_2eng _aeng |
||
| 082 | _aO111v, A.1 | ||
| 100 |
_aTaine H A _9591153 |
||
| 245 | 0 | _aHistory of English literature | |
| 260 |
_aEdinburgh _bEdmonston and Douglas USA _c1871 |
||
| 300 |
_a531p. _ccm. |
||
| 650 | _aENGLISH LITERATURE | ||
| 942 |
_hO111v, A.1 _cTEXL _2cc |
||
| 999 |
_c951199 _d951199 |
||